000
00264nam a22001217a 4500
003
SGT
082
_a
616.89
_b
P15D
100
_a
DEARER, ROBIN
245
_a
PRECLINICAL ASPECTS OF ISCHEMIC STROKE
260
_a
USA
_b
LAGE
_c
2015
300
_a
232
942
_2
ddc
_c
BK
999
_c
14864
_d
14864